000 00605nam a2200217 4500
003 OSt
005 20240607064125.0
006 a
008 240607b |||||||| |||| 00| 0 eng d
020 _a9780763785871
040 _aDWCL-Main lib.
_cOC
082 _aCirc. 006.3 S948p 2012
100 _aSuh, Sang C.
245 _aPractical applications of data mining /
260 _aU.S.A. :
_bJones & Barlett Learning,
_cc2012.
300 _aix,
_b413 p. : ill. (some col.) ;
_c23 cm.
504 _aIncludes index.
650 _a1. Data mining.
700 _aSang C. Suh
942 _2ddc
_n0
_cBK-CIRC
_kCirc.
999 _c364
_d364